[Event "25th Klatovy A 2017"]
[Site "Klatovy CZE"]
[Date "2017.07.09"]
[Round "9.31"]
[White "Novotny, Jaroslav2"]
[Black "Ruzickova, Radka"]
[Result "0-1"]
[WhiteElo "1933"]
[BlackElo "1836"]
[PlyCount "76"]
[EventDate "2017.07.01"]
[EventType "swiss"]
[EventRounds "9"]
[EventCountry "CZE"]
[SourceTitle "EXT 2018"]
[Source "ChessBase"]
[SourceDate "2017.10.13"]
[SourceVersion "1"]
[SourceVersionDate "2017.10.13"]
[SourceQuality "1"]

1. d4 d5 2. Nf3 Nf6 3. c4 e6 4. e3 Nbd7 5. Nbd2 c6 6. Bd3 Bd6 7. O-O O-O 8. b3 Qc7 9. c5 Be7 10. Bb2 Re8 11. b4 g6 12. a3 Bf8 13. Ne5 Nxe5 14. dxe5 Nd7 15. f4 b6 16. cxb6 axb6 17. Rc1 c5 18. h4 Qd8 19. h5 cxb4 20. axb4 Bxb4 21. hxg6 fxg6 22. Rf3 Nc5 23. Rxc5 Bxc5 24. Qb1 Re7 25. Kf2 Rg7 26. Rh3 Qf8 27. Nf3 Qxf4 28. Bd4 Bxd4 29. exd4 Rf7 30. Ke2 Rfa7 31. Bxg6 Ra2+ 32. Bc2 Qe4+ 33. Kd1 Rxc2 34. Rg3+ Kh8 35. Qxc2 Ra1+ 36. Kd2 Qf4+ 37. Ke2 Ba6+ 38. Kf2 Rf1# 0-1

[Event "25th Klatovy A 2017"]
[Site "Klatovy CZE"]
[Date "2017.07.09"]
[Round "9.32"]
[White "Hodan, Jiri"]
[Black "Hlavac, Rudolf"]
[Result "1/2-1/2"]
[WhiteElo "1876"]
[BlackElo "2031"]
[PlyCount "119"]
[EventDate "2017.07.01"]
[EventType "swiss"]
[EventRounds "9"]
[EventCountry "CZE"]
[SourceTitle "EXT 2018"]
[Source "ChessBase"]
[SourceDate "2017.10.13"]
[SourceVersion "1"]
[SourceVersionDate "2017.10.13"]
[SourceQuality "1"]

1. d4 Nf6 2. c4 g6 3. Nc3 d5 4. Nf3 Bg7 5. e3 O-O 6. Be2 c5 7. O-O cxd4 8. Nxd4 dxc4 9. Bxc4 a6 10. a4 e5 11. Nde2 Qc7 12. Qb3 Nc6 13. Nd5 Nxd5 14. Bxd5 Rd8 15. e4 h6 16. Be3 Nd4 17. Bxd4 exd4 18. Rfd1 Rd6 19. Rac1 Qe7 20. Nxd4 Kh7 21. Ne2 f5 22. f3 fxe4 23. Bxe4 Rb8 24. Qc2 Be5 25. f4 Bg7 26. Ng3 Bg4 27. Re1 Qf7 28. f5 Bxf5 29. Nxf5 gxf5 30. Bxf5+ Kh8 31. b3 Rbd8 32. Bg4 Rd2 33. Qe4 Qxb3 34. Rc8 Qb6+ 35. Kh1 Rxc8 36. Bxc8 Rd8 37. Bxb7 a5 38. Bc6 Qc5 39. Bb5 Qe5 40. Qxe5 Bxe5 41. g3 Bf6 42. Kg2 Kg7 43. Kf3 Rd4 44. Rc1 Be7 45. Rc7 Kf6 46. Ke3 Rb4 47. Rc6+ Kg7 48. Ra6 Rb3+ 49. Kf4 Bb4 50. Kf5 Rf3+ 51. Kg4 Rf6 52. Ra7+ Rf7 53. Ra6 Rf6 54. Bc6 Bc5 55. h4 Bd4 56. Kh3 h5 57. g4 hxg4+ 58. Kxg4 Kh6 59. h5 Be3 60. Bb5 1/2-1/2

[Event "25th Klatovy A 2017"]
[Site "Klatovy CZE"]
[Date "2017.07.09"]
[Round "9.33"]
[White "Kubat, Martin"]
[Black "Bartonicek, Zdenek Jr"]
[Result "0-1"]
[WhiteElo "1828"]
[BlackElo "2039"]
[PlyCount "60"]
[EventDate "2017.07.01"]
[EventType "swiss"]
[EventRounds "9"]
[EventCountry "CZE"]
[SourceTitle "EXT 2018"]
[Source "ChessBase"]
[SourceDate "2017.10.13"]
[SourceVersion "1"]
[SourceVersionDate "2017.10.13"]
[SourceQuality "1"]

1. e4 c5 2. Nf3 d6 3. d4 cxd4 4. Nxd4 Nf6 5. Nc3 g6 6. Be3 Bg7 7. f3 Nc6 8. Qd2 O-O 9. Bc4 Bd7 10. O-O-O Rb8 11. h4 b5 12. Bb3 Na5 13. Bh6 Bxh6 14. Qxh6 e5 15. Nde2 b4 16. Nd5 Nxb3+ 17. cxb3 Nxd5 18. Rxd5 Be6 19. h5 Bxd5 20. exd5 Qf6 21. Kb1 Rbc8 22. Ng3 Qf4 23. Qxf4 exf4 24. Ne4 Rc7 25. Nxd6 Rd8 26. Ne4 f5 27. d6 Rc6 28. Nf6+ Kg7 29. Nd5 Rcxd6 30. Nxb4 a5 0-1

[Event "25th Klatovy A 2017"]
[Site "Klatovy CZE"]
[Date "2017.07.09"]
[Round "9.34"]
[White "Kunc, Jan"]
[Black "Richter, Martin1"]
[Result "0-1"]
[WhiteElo "2015"]
[BlackElo "1945"]
[PlyCount "120"]
[EventDate "2017.07.01"]
[EventType "swiss"]
[EventRounds "9"]
[EventCountry "CZE"]
[SourceTitle "EXT 2018"]
[Source "ChessBase"]
[SourceDate "2017.10.13"]
[SourceVersion "1"]
[SourceVersionDate "2017.10.13"]
[SourceQuality "1"]

1. e4 e6 2. d3 d5 3. Nd2 c5 4. Ngf3 Nc6 5. g3 Bd6 6. Bg2 Bd7 7. O-O Nge7 8. Re1 Qc7 9. c3 O-O 10. Qe2 f6 11. Nh4 d4 12. c4 e5 13. a3 a6 14. Nhf3 b5 15. h4 Bg4 16. b3 Na5 17. Rb1 bxc4 18. Nxc4 Nxc4 19. bxc4 Rab8 20. Bd2 Rb7 21. Ba5 Qc6 22. Qc2 Rfb8 23. Nd2 Qc8 24. Rxb7 Rxb7 25. Rb1 Nc6 26. Rxb7 Qxb7 27. Nb3 Nxa5 28. Nxa5 Qc7 29. Nb3 Qb6 30. f3 Bd7 31. Nd2 Qa5 32. Qb2 Bc7 33. Qb7 Qb6 34. Qxb6 Bxb6 35. Kf2 Ba4 36. Bh3 Ba5 37. Nf1 Bc3 38. Bc8 a5 39. Ba6 Bc2 40. Bb5 Bxd3 41. a4 g6 42. Nh2 Kf7 43. Ba6 f5 44. exf5 gxf5 45. g4 e4 46. Nf1 e3+ 47. Nxe3 dxe3+ 48. Kxe3 Bc2 49. Bb5 fxg4 50. fxg4 Kf6 51. Kf4 Bd2+ 52. Kf3 Ke5 53. g5 Be4+ 54. Kg3 Be1+ 55. Kh3 Kf4 56. Bd7 Bc2 57. Bc6 Bd3 58. Ba8 Bf2 59. Bd5 Bf5+ 60. Kg2 Bxh4 0-1

[Event "25th Klatovy A 2017"]
[Site "Klatovy CZE"]
[Date "2017.07.09"]
[Round "9.35"]
[White "Nagy, Ladislav1"]
[Black "Ondrejat, Miroslav"]
[Result "1/2-1/2"]
[WhiteElo "1812"]
[BlackElo "2010"]
[PlyCount "41"]
[EventDate "2017.07.01"]
[EventType "swiss"]
[EventRounds "9"]
[EventCountry "CZE"]
[SourceTitle "EXT 2018"]
[Source "ChessBase"]
[SourceDate "2017.10.13"]
[SourceVersion "1"]
[SourceVersionDate "2017.10.13"]
[SourceQuality "1"]

1. Nf3 Nf6 2. g3 g6 3. Bg2 Bg7 4. O-O O-O 5. d4 d6 6. b3 c6 7. Bb2 Nbd7 8. Nbd2 Qa5 9. Nc4 Qh5 10. Ne1 Nb6 11. e4 Qxd1 12. Rxd1 Nxc4 13. bxc4 Nd7 14. Nf3 c5 15. Rfe1 cxd4 16. Bxd4 Nb6 17. Bxg7 Kxg7 18. e5 Nxc4 19. exd6 exd6 20. Rd4 d5 21. Re7 1/2-1/2

[Event "25th Klatovy A 2017"]
[Site "Klatovy CZE"]
[Date "2017.07.09"]
[Round "9.36"]
[White "Paldus, Jan"]
[Black "Krauskopfova, Lenka 1996"]
[Result "0-1"]
[WhiteElo "1770"]
[BlackElo "1986"]
[PlyCount "122"]
[EventDate "2017.07.01"]
[EventType "swiss"]
[EventRounds "9"]
[EventCountry "CZE"]
[SourceTitle "EXT 2018"]
[Source "ChessBase"]
[SourceDate "2017.10.13"]
[SourceVersion "1"]
[SourceVersionDate "2017.10.13"]
[SourceQuality "1"]

1. e4 c5 2. Nf3 Nc6 3. d4 cxd4 4. Nxd4 g6 5. Nc3 Bg7 6. Be3 Nf6 7. Be2 O-O 8. O-O d6 9. h3 Nxd4 10. Bxd4 Be6 11. Bf3 Nd7 12. Bxg7 Kxg7 13. Bg4 Qb6 14. Rb1 Ne5 15. Bxe6 fxe6 16. Qe2 Rf6 17. Qb5 Qc7 18. Qe2 Rc8 19. Rbc1 a6 20. Nd1 Qa5 21. a3 Nc4 22. c3 b5 23. Ne3 Qb6 24. Nxc4 bxc4 25. Rc2 e5 26. Re1 Rcf8 27. Qe3 Rb8 28. Qxb6 Rxb6 29. f3 Rf8 30. Kf2 g5 31. Ke3 h5 32. g4 h4 33. Rd1 Rfb8 34. Rdd2 Kf6 35. Ke2 Ke6 36. Ke3 Kd7 37. Ke2 Kc6 38. Ke3 e6 39. Ke2 Kc5 40. Kf2 R6b7 41. Ke2 d5 42. exd5 exd5 43. Kf2 Rf7 44. Kg2 Rbf8 45. Re2 Kd6 46. Re3 Rb8 47. Ree2 a5 48. a4 Rf4 49. Re3 d4 50. cxd4 exd4 51. Re4 Rxe4 52. fxe4 Rb4 53. Rf2 Ke5 54. Rf5+ Kxe4 55. Rxg5 Rxb2+ 56. Kf1 d3 57. Rg8 c3 58. Re8+ Kf3 59. Rf8+ Kg3 60. Re8 Rb1+ 61. Re1 c2 0-1

[Event "25th Klatovy A 2017"]
[Site "Klatovy CZE"]
[Date "2017.07.09"]
[Round "9.37"]
[White "Odehnal, Jaroslav"]
[Black "Cecil, Pavel"]
[Result "0-1"]
[WhiteElo "1930"]
[BlackElo "1967"]
[PlyCount "26"]
[EventDate "2017.07.01"]
[EventType "swiss"]
[EventRounds "9"]
[EventCountry "CZE"]
[SourceTitle "EXT 2018"]
[Source "ChessBase"]
[SourceDate "2017.10.13"]
[SourceVersion "1"]
[SourceVersionDate "2017.10.13"]
[SourceQuality "1"]

1. e4 e6 2. d4 d5 3. Nd2 Nf6 4. e5 Nfd7 5. Bd3 c5 6. c3 Nc6 7. Ne2 cxd4 8. cxd4 f6 9. Nf4 fxe5 10. Qh5+ Ke7 11. Ng6+ hxg6 12. Qxh8 Kf7 13. Nf3 Bb4+ 0-1

[Event "25th Klatovy A 2017"]
[Site "Klatovy CZE"]
[Date "2017.07.09"]
[Round "9.38"]
[White "Zizka, Petr"]
[Black "Hlozek, David"]
[Result "1/2-1/2"]
[WhiteElo "1966"]
[BlackElo "1890"]
[PlyCount "68"]
[EventDate "2017.07.01"]
[EventType "swiss"]
[EventRounds "9"]
[EventCountry "CZE"]
[SourceTitle "EXT 2018"]
[Source "ChessBase"]
[SourceDate "2017.10.13"]
[SourceVersion "1"]
[SourceVersionDate "2017.10.13"]
[SourceQuality "1"]

1. b3 d5 2. Bb2 Bg4 3. Nf3 Nd7 4. d4 e6 5. Nbd2 Ngf6 6. h3 Bh5 7. g3 c6 8. Bg2 Be7 9. O-O O-O 10. c4 h6 11. Re1 Bg6 12. Ne5 Nxe5 13. dxe5 Nd7 14. e4 dxe4 15. Nxe4 Qc7 16. f4 Nc5 17. Qe2 Rad8 18. Rad1 Nxe4 19. Bxe4 Bc5+ 20. Kg2 Bxe4+ 21. Qxe4 Rd7 22. Rxd7 Qxd7 23. Bc3 Rd8 24. b4 Qd3 25. Qxd3 Rxd3 26. bxc5 Rxc3 27. Rb1 Rxc4 28. Rxb7 Rc2+ 29. Kf3 Rxa2 30. Rc7 Ra6 31. g4 g6 32. h4 Kg7 33. h5 Ra3+ 34. Ke4 Ra4+ 1/2-1/2

[Event "25th Klatovy A 2017"]
[Site "Klatovy CZE"]
[Date "2017.07.09"]
[Round "9.39"]
[White "Novy, Daniel"]
[Black "Lhotsky, Zdenek"]
[Result "1-0"]
[WhiteElo "1942"]
[BlackElo "1695"]
[PlyCount "69"]
[EventDate "2017.07.01"]
[EventType "swiss"]
[EventRounds "9"]
[EventCountry "CZE"]
[SourceTitle "EXT 2018"]
[Source "ChessBase"]
[SourceDate "2017.10.13"]
[SourceVersion "1"]
[SourceVersionDate "2017.10.13"]
[SourceQuality "1"]

1. e4 c5 2. Nf3 d6 3. d4 cxd4 4. Nxd4 Nf6 5. Nc3 a6 6. Be2 e5 7. Nb3 Be7 8. O-O O-O 9. Be3 Be6 10. Bf3 Qc7 11. Qd2 Nbd7 12. Rfd1 Rac8 13. Rac1 b5 14. a3 Nb6 15. Bxb6 Qxb6 16. Qe3 Qxe3 17. fxe3 Rc7 18. Nd5 Nxd5 19. exd5 Bf5 20. e4 Bg6 21. Na5 Bg5 22. Rb1 Rxc2 23. Nc6 f5 24. exf5 Bxf5 25. g3 Rxc6 26. dxc6 Bxb1 27. Bd5+ Kh8 28. Rxb1 Be3+ 29. Kg2 Rf2+ 30. Kh3 g5 31. Kg4 h6 32. h4 Kg7 33. hxg5 hxg5 34. Be4 Kf6 35. c7 1-0

[Event "25th Klatovy A 2017"]
[Site "Klatovy CZE"]
[Date "2017.07.09"]
[Round "9.40"]
[White "Fox, Pierre"]
[Black "Novak, Jaromir"]
[Result "1/2-1/2"]
[WhiteElo "1761"]
[BlackElo "1849"]
[PlyCount "64"]
[EventDate "2017.07.01"]
[EventType "swiss"]
[EventRounds "9"]
[EventCountry "CZE"]
[SourceTitle "EXT 2018"]
[Source "ChessBase"]
[SourceDate "2017.10.13"]
[SourceVersion "1"]
[SourceVersionDate "2017.10.13"]
[SourceQuality "1"]

1. d4 d5 2. c4 c6 3. Nc3 Nf6 4. Nf3 e6 5. e3 Bd6 6. b3 O-O 7. Be2 Nbd7 8. O-O Ne4 9. Qc2 f5 10. a4 g5 11. Ba3 Bxa3 12. Rxa3 g4 13. Ne5 Nxc3 14. Qxc3 Nxe5 15. dxe5 a5 16. Rd1 Qe7 17. Raa1 Qb4 18. Qc2 Rf7 19. Rd4 Qc5 20. Rf4 Qe7 21. Rd1 b6 22. cxd5 cxd5 23. Qc6 Rb8 24. Rfd4 Bd7 25. Qc3 Rc8 26. Qb2 Rff8 27. g3 h5 28. h4 Qc5 29. R4d2 Qc3 30. Qb1 Qxe5 31. Rc1 Rxc1+ 32. Qxc1 Rc8 1/2-1/2

[Event "25th Klatovy A 2017"]
[Site "Klatovy CZE"]
[Date "2017.07.09"]
[Round "9.41"]
[White "Kantor, Jozef"]
[Black "Vartazaryan, Gor"]
[Result "0-1"]
[WhiteElo "1844"]
[BlackElo "1795"]
[PlyCount "94"]
[EventDate "2017.07.01"]
[EventType "swiss"]
[EventRounds "9"]
[EventCountry "CZE"]
[SourceTitle "EXT 2018"]
[Source "ChessBase"]
[SourceDate "2017.10.13"]
[SourceVersion "1"]
[SourceVersionDate "2017.10.13"]
[SourceQuality "1"]

1. e4 c5 2. Nf3 d6 3. d4 cxd4 4. Nxd4 Nf6 5. Nc3 a6 6. Be2 e5 7. Nf3 Be7 8. O-O O-O 9. Re1 Be6 10. a4 Nc6 11. Bf1 Rc8 12. Nd5 Bg4 13. c3 Nxd5 14. exd5 Na5 15. Be2 Nc4 16. b3 Nb6 17. c4 f5 18. Ba3 Nd7 19. b4 Bxf3 20. gxf3 Bh4 21. Rf1 Nf6 22. Kg2 Nh5 23. Rg1 Nf4+ 24. Kf1 Nh3 25. Rg2 Rf6 26. Bc1 Rg6 27. Rg3 Bxg3 28. fxg3 Qb6 29. c5 dxc5 30. Be3 f4 31. bxc5 Qf6 32. Bf2 Nxf2 33. Kxf2 fxg3+ 34. hxg3 Rxc5 35. Qb3 Qf7 36. Rd1 Rd6 37. Bc4 Kh8 38. a5 Qc7 39. Qa4 Qc8 40. Bb3 h6 41. Qe4 Rc3 42. Ba4 Qc5+ 43. Kg2 Rc4 44. Qxe5 Rd8 45. Rh1 Qd6 46. Qb2 Rxa4 47. Qc2 Rxa5 0-1

[Event "25th Klatovy A 2017"]
[Site "Klatovy CZE"]
[Date "2017.07.09"]
[Round "9.42"]
[White "Skypala, Ondrej"]
[Black "Novak, Vaclav2"]
[Result "1-0"]
[WhiteElo "1685"]
[BlackElo "1829"]
[PlyCount "39"]
[EventDate "2017.07.01"]
[EventType "swiss"]
[EventRounds "9"]
[EventCountry "CZE"]
[SourceTitle "EXT 2018"]
[Source "ChessBase"]
[SourceDate "2017.10.13"]
[SourceVersion "1"]
[SourceVersionDate "2017.10.13"]
[SourceQuality "1"]

1. e4 e5 2. d4 exd4 3. c3 dxc3 4. Bc4 Nc6 5. Nf3 Qe7 6. Nxc3 Ne5 7. Nd5 Qd6 8. Bf4 f6 9. Nxe5 fxe5 10. Qh5+ Kd8 11. Bxe5 Nf6 12. Nxf6 g6 13. Bxd6 gxh5 14. Bxf8 Rxf8 15. Nxh7 Re8 16. Nf6 Re5 17. O-O c6 18. f4 Rc5 19. Bb3 Ke7 20. e5 1-0